International business : (Record no. 88108)

MARC details
000 -LEADER
fixed length control field 00877nam a22002657a 4500
005 - DATE AND TIME OF LATEST TRANSACTION
control field 20140901122027.0
010 ## - LCCN (DPL NO)
LC control number ENG-110683
020 ## - INTERNATIONAL STANDARD BOOK NUMBER
International Standard Book Number 9781259098031
Terms of availability 725.00
020 ## - INTERNATIONAL STANDARD BOOK NUMBER
International Standard Book Number 1259098036
Terms of availability 725.00
035 ## - SYSTEM CONTROL NUMBER
System control number EN-94215
037 ## - SOURCE OF ACQUISITION
Source of stock number/acquisition DBAD/PUB
082 ## - DEWEY DECIMAL CLASSIFICATION NUMBER
Classification number 658.049
100 ## - MAIN ENTRY--PERSONAL NAME
Personal name Hill, Charles W.L.
245 ## - TITLE STATEMENT
Title International business :
Statement of responsibility, etc by Charles W.L. Hill [and] Arun Kumar Jain
Remainder of title competing in the global marketplace /
250 ## - EDITION STATEMENT
Edition statement 10th ed
260 ## - PUBLICATION, DISTRIBUTION, ETC. (IMPRINT)
Place of publication, distribution, etc New Delhi
Name of publisher, distributor, etc McGraw Hill Education
Date of publication, distribution, etc 2014
270 ## - ADDRESS
Address P-24, Green Park Extn.
City New Delhi
Postal code 110016
300 ## - PHYSICAL DESCRIPTION
Extent xxxvi,805p. :
Dimensions 26cm(pbk)
Other physical details ill.,maps
500 ## - GENERAL NOTE
General note Includes index
650 ## - SUBJECT ADDED ENTRY--TOPICAL TERM
Topical term or geographic name as entry element International business enterprises.
650 ## - SUBJECT ADDED ENTRY--TOPICAL TERM
Topical term or geographic name as entry element International economic relations.
650 ## - SUBJECT ADDED ENTRY--TOPICAL TERM
Topical term or geographic name as entry element Competition, International.
700 ## - ADDED ENTRY--PERSONAL NAME
Personal name Jain, Arun Kumar
942 ## - ADDED ENTRY ELEMENTS (KOHA)
Source of classification or shelving scheme Dewey Decimal Classification
Item type English Books
Call number suffix HIL
Classification part 658.049
Holdings
Withdrawn status Lost status Not for loan Collection code Home library Current library Date acquired Source of acquisition Cost, normal purchase price Full call number Barcode Copy number Cost, replacement price Koha item type
    Not For Loan Non-fiction D.B.Act.Division D.B.Act.Division 29/08/2014 DBAD/PUB 725.00 658.049 HIL EN-94215 1 725.00 English Books

© Delhi Public Library
Hit Counter
free hit counter